000 00824nam a2200253Ia 4500
003 OSt
005 20220923224941.0
006 a|||||r|||| 00| 0
007 ta
008 220922b |||||||| |||| 00| 0 hin d
024 _a254,166
037 _cTextual
040 _aARTS
_cARTS
_bhin
041 _2hin
_ahin
082 _aO152,3N2118:g, N0
100 _aरामटेके, प्रीति
245 0 _aअमृतराय की साहित्य साधना
246 _aAmṛutarāya kī sāhitya sādhanā
260 _aनागपुर
_b दत्तसन्स
_c1990
300 _a371पृ.
_ccm.
650 _aहिन्दी कहानी
942 _hO152,3N2118:g, N0
_cTEXL
_2CC
999 _c374915
_d374915